000 00308nam a22001337a 4500
008 170602b xxu||||| |||| 00| 0 eng d
020 _a0139506756
041 _aeng
080 _22ND
_a9(4)
100 _a17
101 _aSHH
245 _aWESTERN EUROPE IN THE MIDDLE AGES
_cSTRAYER, J.R
942 _2udc
_cBK
999 _c15556
_d15556